| 000 | 00443pab a2200157 454500 | ||
|---|---|---|---|
| 008 | 180718b2005 xxu||||| |||| 00| 0 eng d | ||
| 100 | _aChen, Andrew N.K. | ||
| 245 | _aAssessing value in organizational knowledge creation: considerations for knowledge workers | ||
| 260 | _c2005 | ||
| 300 | _ap.279-309. | ||
| 362 | _aJun | ||
| 650 | _aKnowledge management | ||
| 700 | _aEdgington, Theresa M. | ||
| 773 | _aMIS Quarterly | ||
| 909 | _a65803 | ||
| 999 |
_c65803 _d65803 |
||